MARC

LEADER 00000nam0a2200000 4500
001 72567
005 20231031083554.0
035 |a (RuTPU)RU\TPU\book\77376 
090 |a 72567 
100 |a 20050127d2004 m y0rusy50 ca 
101 0 |a rus 
102 |a RU 
105 |a a j 001zy 
200 1 |a Основы инженерного проектирования элементов теплоэнергетических систем  |e учебное пособие  |f Б. А. Ляликов  |g Томский политехнический университет; Институт дистанционного образования 
210 |a Томск  |c Изд-во ТПУ  |d 2004 
215 |a 154 с.  |c ил. 
320 |a Литература: с. 127 
610 1 |a теплоэнергетика 
610 1 |a проектирование 
610 1 |a ЕСКД 
610 1 |a единая система конструкторской документации 
610 1 |a водоподогреватели 
610 1 |a расчет 
610 1 |a водоводяные теплообменники 
610 1 |a автоматизация 
610 1 |a ЭВМ 
610 1 |a тепловые пункты 
610 1 |a оборудование 
610 1 |a ректификационные установки 
610 1 |a учебные пособия 
675 |a 621.1.001(075.8)  |v 3 
700 1 |a Ляликов  |b Б. А.  |c инженер-энергетик  |c доцент Томского политехнического университета, кандидат технических наук  |f 1953-  |g Борис Анатольевич  |2 stltpush  |3 (RuTPU)RU\TPU\pers\37651 
712 0 2 |a Томский политехнический университет (ТПУ)  |b Институт дистанционного образования (ИДО)  |2 stltpush  |3 (RuTPU)RU\TPU\col\12625 
801 1 |a RU  |b 63413507  |c 20050127  |g PSBO 
801 2 |a RU  |b 63413507  |c 20191126  |g PSBO 
942 |c BK